000 003190000a22001450004500
003 MACL
040 _aMACL
090 _c31747
_d31745
100 _aJain, Satish
245 _aTurbo Pascal Companion
260 _bBPB Publications
_c1994
350 _a54
650 _aComputer Programming
942 _cBOOK
_k005.133/JAI
999 _c31427
_d31427